[Event "Madrid 2021-2022 ch - Previa B"]
[Site "Madrid ESP"]
[Date "2022.03.19"]
[Round "7.23"]
[White "Voytsekhoskyy Pomircha, Victor"]
[Black "Arnedo Vigueras, Miguel"]
[Result "0-1"]
[WhiteElo "1217"]
[BlackElo "1513"]
[PlyCount "80"]
[EventDate "2022.03.03"]
[EventType "swiss"]
[EventRounds "9"]
[EventCountry "ESP"]
[SourceTitle "Ajedrez en Madrid"]
[Source "lmi"]
[SourceDate "2022.03.04"]
[SourceVersion "1"]
[SourceVersionDate "2022.03.24"]
[SourceQuality "1"]

1. e4 c5 2. Nf3 Nc6 3. d4 cxd4 4. Nxd4 Nf6 5. Nc3 e5 6. Nb3 d6 7. Bd3 Be7 8.
Bg5 Nxe4 9. Bxe7 Nxc3 10. Bxd8 Nxd1 11. Rxd1 Kxd8 12. Bb5 Ke7 13. O-O Be6 14.
Rd2 Rac8 15. a3 f6 16. Bxc6 Rxc6 17. Rfd1 d5 18. Re1 h5 19. f4 Kd6 20. fxe5+
fxe5 21. Rde2 e4 22. Nd4 Rc4 23. Nxe6 Kxe6 24. Rd2 Ke5 25. Kf2 Rf8+ 26. Kg3 d4
27. Rde2 Rf4 28. Kh3 b5 29. g3 Rg4 30. Kg2 e3 31. c3 Re4 32. cxd4+ Kxd4 33.
Rd1+ Kc5 34. Kf3 Rcd4 35. Rxd4 Kxd4 36. h4 Kd3 37. Re1 e2 38. Kf2 Kd2 39. Ra1
e1=Q+ 40. Rxe1 Rxe1 0-1

[Event "Madrid 2021-2022 ch - Previa B"]
[Site "Madrid ESP"]
[Date "2022.03.25"]
[Round "8.1"]
[White "Ruiz Vazquez, Javier"]
[Black "Santamaria Baeza, Adolfo"]
[Result "1-0"]
[WhiteElo "1725"]
[BlackElo "1875"]
[PlyCount "71"]
[EventDate "2022.03.03"]
[EventType "swiss"]
[EventRounds "9"]
[EventCountry "ESP"]

1. e4 e5 2. Bc4 Nc6 3. Nc3 Bc5 4. Qg4 g6 5. Qg3 d6 6. Nge2 Be6 7. Bxe6 fxe6 8.
Na4 Bb6 9. Nxb6 axb6 10. O-O Nf6 11. d3 Nh5 12. Qg4 Qd7 13. Bg5 O-O 14. c3 Rf7
15. a4 Raf8 16. b4 Kg7 17. d4 exd4 18. b5 Ne5 19. Qh3 d3 20. Nd4 Re8 21. f4 c5
22. fxe5 cxd4 23. g4 h6 24. Rxf7+ Qxf7 25. Rf1 Qc7 26. Bc1 dxc3 27. Qxd3 Qc5+
28. Be3 Qc7 29. exd6 Qd7 30. gxh5 e5 31. Bc1 Re6 32. Qf3 Qxd6 33. Qf7+ Kh8 34.
Bxh6 Qd4+ 35. Kg2 Qxe4+ 36. Kg3 1-0

[Event "Madrid 2021-2022 ch - Previa B"]
[Site "Madrid ESP"]
[Date "2022.03.25"]
[Round "8.2"]
[White "Feal Albala, Alonso"]
[Black "Gutierrez Diaz, Pablo"]
[Result "1/2-1/2"]
[WhiteElo "1809"]
[BlackElo "1916"]
[PlyCount "112"]
[EventDate "2022.03.03"]
[EventType "swiss"]
[EventRounds "9"]
[EventCountry "ESP"]

1. e4 c5 2. Nf3 Nc6 3. d4 cxd4 4. Nxd4 g6 5. Nc3 Bg7 6. Nb3 Nf6 7. Bc4 O-O 8.
O-O d6 9. Re1 Ng4 10. Nd5 e6 11. Ne3 Nxe3 12. Rxe3 Ne5 13. Be2 d5 14. exd5 exd5
15. c3 b6 16. f4 Nc4 17. Rd3 Qe7 18. Bf3 Bf5 19. Rxd5 Ne3 20. Bxe3 Qxe3+ 21.
Kh1 Qxf4 22. Nd4 Be4 23. Rd7 Bxf3 24. Nxf3 Rfe8 25. Qd5 Rac8 26. Ng5 Rf8 27. g3
Qf6 28. Kg1 Rc5 29. Ne4 Rxd5 30. Nxf6+ Bxf6 31. Rxd5 Re8 32. Rf1 Kg7 33. Rd2 h5
34. Rdf2 Re6 35. h3 b5 36. a3 a5 37. Kg2 Rb6 38. Rf3 Re6 39. R1f2 Rd6 40. Kf1
Re6 41. Re2 Be5 42. Ke1 f6 43. Kd1 Rc6 44. g4 hxg4 45. hxg4 Rc5 46. Rd3 Kh6 47.
Re1 Kg5 48. b4 axb4 49. axb4 Rc4 50. Rd5 Kxg4 51. Rc5 Bxc3 52. Rg1+ Kf4 53.
Rxg6 Rd4+ 54. Ke2 Bxb4 55. Rxf6+ Ke4 56. Rxb5 Bd6 1/2-1/2

[Event "Madrid 2021-2022 ch - Previa B"]
[Site "Madrid ESP"]
[Date "2022.03.25"]
[Round "8.3"]
[White "Simonyan, Arturo"]
[Black "Portero Rubio, Martin"]
[Result "0-1"]
[WhiteElo "1923"]
[BlackElo "1846"]
[PlyCount "94"]
[EventDate "2022.03.03"]
[EventType "swiss"]
[EventRounds "9"]
[EventCountry "ESP"]

1. e4 c5 2. Nf3 e6 3. d4 cxd4 4. Nxd4 Nf6 5. Nc3 Qb6 6. Nb3 Bb4 7. Bd3 Bxc3+ 8.
bxc3 d6 9. O-O e5 10. c4 Qc7 11. Ba3 Nbd7 12. Qd2 O-O 13. Qb4 Ne8 14. Rad1 b6
15. Rfe1 Bb7 16. Qc3 Nef6 17. Qb4 Nc5 18. Nxc5 dxc5 19. Qc3 Rfe8 20. Bb2 Re6
21. f4 exf4 22. e5 Qc6 23. Rd2 Rae8 24. Bf5 R6e7 25. Rf1 Ne4 26. Qh3 g6 27. Bd7
Rxd7 28. Rxd7 Ng5 29. Qg4 Ne6 30. Rfd1 h5 31. Qf3 Qxd7 32. Rxd7 Bxf3 33. gxf3
Rd8 34. Rxd8+ Nxd8 35. Kf2 Ne6 36. Ke2 g5 37. h3 Kg7 38. Kd3 Kg6 39. Ke4 Nd4
40. c3 Ne2 41. a4 h4 42. a5 Ng1 43. axb6 axb6 44. Kd3 Nxf3 45. Ke4 Nxe5 46. Bc1
Nxc4 47. Kd5 f3 0-1

[Event "Madrid 2021-2022 ch - Previa B"]
[Site "Madrid ESP"]
[Date "2022.03.25"]
[Round "8.4"]
[White "Torres Rebolledo, Alvaro"]
[Black "Lopez Herrero, Israel"]
[Result "0-1"]
[WhiteElo "1705"]
[BlackElo "1683"]
[PlyCount "92"]
[EventDate "2022.03.03"]
[EventType "swiss"]
[EventRounds "9"]
[EventCountry "ESP"]

1. e4 c5 2. b4 cxb4 3. a3 d5 4. exd5 Qxd5 5. Nf3 e6 6. axb4 Bxb4 7. c3 Be7 8.
d4 Nf6 9. Nbd2 Nc6 10. Bc4 Qd8 11. O-O O-O 12. Qc2 Qc7 13. Bd3 b6 14. Bb2 a5
15. Ne4 Nxe4 16. Bxe4 f5 17. Bd3 Ba6 18. Rfe1 Bxd3 19. Qxd3 Nd8 20. d5 Qd7 21.
c4 Bb4 22. Ne5 Qd6 23. Re3 exd5 24. cxd5 Nf7 25. Nc4 Qc7 26. Rg3 g6 27. Qd4 Ne5
28. Nxe5 Bd6 29. f4 Bc5 30. Kh1 Bxd4 31. Bxd4 Rf6 32. Rc3 Qd8 33. Nc6 Rxc6 34.
dxc6 Qxd4 35. Rac1 Rc8 36. c7 Qxf4 37. g3 Qe4+ 38. Kg1 Kf7 39. Kf2 b5 40. Rd1
Qb7 41. Rd7+ Ke6 42. Rxh7 Kd6 43. Rg7 Rxc7 44. Rxg6+ Kd5 45. Rf3 Rc2+ 46. Ke1
Qe7+ 0-1

[Event "Madrid 2021-2022 ch - Previa B"]
[Site "Madrid ESP"]
[Date "2022.03.25"]
[Round "8.6"]
[White "Jimenez Carrazoni, Javier"]
[Black "Rodriguez Avila, Alvaro"]
[Result "0-1"]
[WhiteElo "1584"]
[BlackElo "1949"]
[PlyCount "72"]
[EventDate "2022.03.03"]
[EventType "swiss"]
[EventRounds "9"]
[EventCountry "ESP"]

1. e4 c5 2. Nf3 d6 3. d4 cxd4 4. Nxd4 Nf6 5. Nc3 Nc6 6. Bg5 e6 7. Qd2 a6 8. f4
h6 9. Bh4 Nxe4 10. Nxe4 Qxh4+ 11. g3 Qd8 12. O-O-O Bd7 13. Bg2 d5 14. Nc3 Be7
15. h4 Qb6 16. Rhe1 Qxd4 17. Qxd4 Nxd4 18. Rxd4 Kf8 19. f5 Bf6 20. Rd3 Re8 21.
Ne4 dxe4 22. Rxd7 exf5 23. Rxb7 g6 24. Rb6 Kg7 25. Rxa6 Rb8 26. c3 Rhd8 27. Bf1
Be5 28. Re3 Rd7 29. Ra5 Bc7 30. Ra4 Rbd8 31. Kc2 Rd1 32. Bc4 R8d2+ 33. Kb3 Rb1
34. Kb4 Bb6 35. Re2 Rbxb2+ 36. Ka3 Bc5+ 0-1

[Event "Madrid 2021-2022 ch - Previa B"]
[Site "Madrid ESP"]
[Date "2022.03.25"]
[Round "8.7"]
[White "Marin Aso, Jose Luis"]
[Black "Baeza Escudero, Javier"]
[Result "0-1"]
[WhiteElo "1834"]
[BlackElo "1849"]
[PlyCount "64"]
[EventDate "2022.03.03"]
[EventType "swiss"]
[EventRounds "9"]
[EventCountry "ESP"]

1. e4 e6 2. d4 d5 3. Nd2 a6 4. Ngf3 c5 5. c3 Nc6 6. Bd3 cxd4 7. cxd4 dxe4 8.
Nxe4 Bb4+ 9. Nc3 Nf6 10. O-O O-O 11. Bg5 Be7 12. a3 b5 13. Rc1 Bb7 14. Re1 Qd6
15. Qd2 Rfd8 16. Rcd1 Rac8 17. Bb1 b4 18. axb4 Nxb4 19. Ne5 Nfd5 20. Ne4 Bxg5
21. Nxg5 Rc7 22. Bxh7+ Kf8 23. Qe2 Nf6 24. Bb1 Nbd5 25. Nexf7 Rxf7 26. Nxe6+
Kg8 27. Nxd8 Qxd8 28. Ba2 Qa5 29. Bc4 Kf8 30. Qe6 Re7 31. Qd6 Ne8 32. Rxe7 Nxd6
0-1

[Event "Madrid 2021-2022 ch - Previa B"]
[Site "Madrid ESP"]
[Date "2022.03.25"]
[Round "8.8"]
[White "Cabanas Bravo, Juan Andres"]
[Black "Torres Rebolledo, Marcos"]
[Result "1/2-1/2"]
[WhiteElo "1903"]
[BlackElo "1478"]
[PlyCount "118"]
[EventDate "2022.03.03"]
[EventType "swiss"]
[EventRounds "9"]
[EventCountry "ESP"]

1. e4 c5 2. Nf3 d6 3. d4 cxd4 4. Nxd4 Nf6 5. Nc3 g6 6. f4 Nbd7 7. Be2 Bg7 8.
O-O O-O 9. Bf3 Qb6 10. Kh1 Nxe4 11. Nd5 Qxd4 12. Nxe7+ Kh8 13. Qxd4 Bxd4 14.
Bxe4 Re8 15. Nxc8 Raxc8 16. Bd3 Nc5 17. Bb5 Re7 18. c3 Bf6 19. g3 d5 20. Rd1
Rd8 21. Bf1 d4 22. Rb1 d3 23. Bd2 Ne4 24. Kg2 Bg7 25. Kf3 f5 26. Be3 d2 27. a4
a6 28. Ra1 Re6 29. Ra3 Bf8 30. Rb3 Nc5 31. Rb4 a5 32. Rb5 Nxa4 33. Bd4+ Bg7 34.
Rxd2 Bxd4 35. Rxd4 Rxd4 36. cxd4 b6 37. d5 Re4 38. Bd3 Re7 39. Bc2 Nc5 40. Rxb6
Rb7 41. Rxb7 Nxb7 42. Ke3 Kg7 43. Kd4 Kf6 44. Ba4 Ke7 45. Bc6 Nd6 46. b3 Ne4
47. Ke5 Nd6 48. h3 h5 49. h4 Ne4 50. Bb5 Nd6 51. Bd3 Nb7 52. Ba6 Nd6 53. Kd4
Ne4 54. Ke5 Nd6 55. Bd3 Nb7 56. Bb5 Nd6 57. Bc6 Ne4 58. Bb5 Nd6 59. Bd3 Nb7
1/2-1/2

[Event "Madrid 2021-2022 ch - Previa B"]
[Site "Madrid ESP"]
[Date "2022.03.25"]
[Round "8.9"]
[White "Lozano Argueso, Cesar"]
[Black "Cardena Contreras, Javier"]
[Result "1-0"]
[WhiteElo "1723"]
[BlackElo "1816"]
[PlyCount "62"]
[EventDate "2022.03.03"]
[EventType "swiss"]
[EventRounds "9"]
[EventCountry "ESP"]

1. e4 c5 2. Nf3 d6 3. d4 cxd4 4. Nxd4 Nf6 5. Nc3 a6 6. Bg5 Nbd7 7. f4 Qc7 8.
Qf3 b5 9. e5 Bb7 10. exd6 Qb6 11. Qe3 b4 12. Na4 Qxd6 13. O-O-O Nd5 14. Qb3 h6
15. Nf5 Qe6 16. Bc4 hxg5 17. Rxd5 Bxd5 18. Bxd5 Qxf5 19. Bxa8 Qxf4+ 20. Kb1 Qd2
21. Qf3 Qf4 22. Qc6 e5 23. Rd1 Qg4 24. Qc8+ Ke7 25. Bf3 Qe6 26. Nc5 Qb6 27.
Qxd7+ Kf6 28. Bd5 Kg6 29. Bxf7+ Kh7 30. Qd3+ g6 31. Ne6 Rg8 1-0

[Event "Madrid 2021-2022 ch - Previa B"]
[Site "Madrid ESP"]
[Date "2022.03.25"]
[Round "8.11"]
[White "Aldea Moreno, Marina"]
[Black "Jimenez Carrazoni, Marta Elena"]
[Result "1-0"]
[WhiteElo "1611"]
[BlackElo "1452"]
[PlyCount "45"]
[EventDate "2022.03.03"]
[EventType "swiss"]
[EventRounds "9"]
[EventCountry "ESP"]

1. e4 c5 2. Nf3 Nc6 3. d4 cxd4 4. Nxd4 e5 5. Nb5 d6 6. c4 Be6 7. N1c3 a6 8. Na3
Nf6 9. Be2 Be7 10. Be3 O-O 11. O-O Rb8 12. Rc1 Qd7 13. Nc2 Bd8 14. Qd3 Ne8 15.
Nd5 f5 16. exf5 Bxf5 17. Qd2 Nf6 18. Nxf6+ Bxf6 19. Rfd1 Be7 20. Bb6 h6 21. Ne3
Qe6 22. c5 dxc5 23. Bc4 1-0

[Event "Madrid 2021-2022 ch - Previa B"]
[Site "Madrid ESP"]
[Date "2022.03.25"]
[Round "8.12"]
[White "Enriquez Pastor, Jorge"]
[Black "Mata Medina, Andres"]
[Result "0-1"]
[WhiteElo "1435"]
[BlackElo "1374"]
[PlyCount "71"]
[EventDate "2022.03.03"]
[EventType "swiss"]
[EventRounds "9"]
[EventCountry "ESP"]

1. e4 e5 2. Nf3 Nc6 3. Bb5 a6 4. Ba4 d6 5. h3 Bd7 6. O-O Nge7 7. c3 Ng6 8. d4
Be7 9. dxe5 dxe5 10. Re1 h6 11. Nbd2 Bg5 12. Nf1 b5 13. Bc2 Bxc1 14. Rxc1 Nf4
15. Ng3 Qf6 16. Re3 Rd8 17. Qf1 Be6 18. b3 O-O 19. Ne2 g5 20. Nxf4 gxf4 21. Rd3
Rde8 22. Qe2 Kh7 23. Nh2 Rg8 24. Ng4 Qg5 25. Qf3 b4 26. Kf1 bxc3 27. Rxc3 Nd4
28. Qd3 h5 29. Nxe5 Qxe5 30. Qxa6 Qg5 31. e5+ Kh8 32. Be4 Bxh3 33. Rxh3 Rxe5
34. Bf3 Nxf3 35. Rg3 fxg3 36. fxg3 0-1

[Event "Madrid 2021-2022 ch - Previa B"]
[Site "Madrid ESP"]
[Date "2022.03.25"]
[Round "8.13"]
[White "Montoya Cabrera, Ernesto Aleja"]
[Black "Toledo Aguirre, Gonzalo"]
[Result "0-1"]
[WhiteElo "1551"]
[BlackElo "1879"]
[PlyCount "78"]
[EventDate "2022.03.03"]
[EventType "swiss"]
[EventRounds "9"]
[EventCountry "ESP"]

1. c4 Nf6 2. Nf3 g6 3. g3 Bg7 4. Bg2 O-O 5. O-O c5 6. Nc3 Nc6 7. d3 e5 8. e4 d6
9. h3 Ne8 10. Kh2 f5 11. exf5 gxf5 12. Ng5 Kh8 13. Bd5 Qe7 14. Nxh7 Nf6 15.
Nxf6 Bxf6 16. f4 Qh7 17. Be3 Bd7 18. Qd2 Rad8 19. Nb5 Bc8 20. Nc3 a6 21. Na4
Bd7 22. Rae1 Nd4 23. Nb6 Bc6 24. Bxd4 cxd4 25. Bxc6 bxc6 26. Na4 e4 27. b3 Rde8
28. Nb2 Rg8 29. Qg2 Bh4 30. g4 Bxe1 31. Rxe1 fxg4 32. Rxe4 Rxe4 33. dxe4 Qxh3+
34. Qxh3+ gxh3 35. Kxh3 Re8 36. Kg3 Rxe4 37. Kf3 Re3+ 38. Kf2 Kg7 39. Nd1 Rh3
0-1

[Event "Madrid 2021-2022 ch - Previa B"]
[Site "Madrid ESP"]
[Date "2022.03.25"]
[Round "8.14"]
[White "Vukotic Jovsic, Dragan"]
[Black "Sanchez Gonzalez, Samuel"]
[Result "1-0"]
[WhiteElo "1834"]
[BlackElo "1458"]
[PlyCount "89"]
[EventDate "2022.03.03"]
[EventType "swiss"]
[EventRounds "9"]
[EventCountry "ESP"]

1. d4 Nf6 2. Bf4 g6 3. Nf3 d5 4. e3 Bg7 5. Be2 O-O 6. h3 b6 7. a4 c5 8. O-O Nc6
9. c3 Bb7 10. Qb3 Na5 11. Qa2 c4 12. Nbd2 Rc8 13. Rfc1 Qd7 14. Ne5 Qe8 15. b4
cxb3 16. Nxb3 Nc4 17. Nxc4 dxc4 18. Nd2 Nd7 19. Bxc4 e5 20. Bg3 Kh8 21. a5 f5
22. f4 g5 23. dxe5 Qg6 24. Kh2 gxf4 25. exf4 Rxc4 26. Nxc4 Nc5 27. Nd6 Bc6 28.
axb6 axb6 29. Rc2 Ne4 30. Nxe4 fxe4 31. Qb3 e3 32. Re1 Bh6 33. Rxe3 Rg8 34.
Qxb6 Qxc2 35. Qxc6 Qd2 36. Qxh6 Qxe3 37. Bh4 Rxg2+ 38. Kxg2 Qe2+ 39. Kg3 Qe3+
40. Kg4 Qe2+ 41. Kf5 Qd3+ 42. Kf6 Qd8+ 43. Kf7 Qd7+ 44. Be7 Qd5+ 45. e6 1-0

[Event "Madrid 2021-2022 ch - Previa B"]
[Site "Madrid ESP"]
[Date "2022.03.25"]
[Round "8.16"]
[White "Palacios Sanchez, Victor"]
[Black "Villar Grandon, Diego"]
[Result "1/2-1/2"]
[WhiteElo "1658"]
[BlackElo "1606"]
[PlyCount "102"]
[EventDate "2022.03.03"]
[EventType "swiss"]
[EventRounds "9"]
[EventCountry "ESP"]

1. c4 e5 2. g3 f5 3. Bg2 Nf6 4. Nc3 Bc5 5. e3 O-O 6. Nge2 d6 7. d4 exd4 8. exd4
Bb4 9. O-O Nbd7 10. Bg5 Qe8 11. a3 Bxc3 12. Nxc3 Qg6 13. Bf4 a6 14. Qb3 Ne4 15.
Nd5 Kh8 16. Nxc7 Rb8 17. Nd5 b5 18. Qc2 Bb7 19. f3 Bxd5 20. fxe4 Bxe4 21. Bxe4
fxe4 22. c5 Rbc8 23. b4 d5 24. Qe2 Rf6 25. a4 bxa4 26. Bd6 Rxd6 27. cxd6 Qxd6
28. Rxa4 Rc4 29. Rfa1 h6 30. Rxa6 Qxb4 31. Qh5 Nb6 32. Ra8+ Rc8 33. Rxc8+ Nxc8
34. Qxd5 Nd6 35. Qc5 Qb2 36. Ra8+ Kh7 37. Qxd6 e3 38. Qf4 Qb1+ 39. Kg2 e2 40.
Re8 e1=Q 41. Rxe1 Qxe1 42. Qf5+ Kg8 43. d5 Qd1 44. Qe6+ Kh7 45. d6 Qd2+ 46. Kh3
h5 47. Qf5+ Kg8 48. d7 Qd6 49. Kh4 g6 50. Qg5 Qd4+ 51. Qf4 Qxd7 1/2-1/2

[Event "Madrid 2021-2022 ch - Previa B"]
[Site "Madrid ESP"]
[Date "2022.03.25"]
[Round "8.20"]
[White "Castro Uceda, Jose Antonio"]
[Black "Anton Ortiz, Carlos"]
[Result "1-0"]
[WhiteElo "1476"]
[BlackElo "1519"]
[PlyCount "119"]
[EventDate "2022.03.03"]
[EventType "swiss"]
[EventRounds "9"]
[EventCountry "ESP"]

1. e4 e5 2. Qh5 Nc6 3. Bc4 g6 4. Qf3 Nf6 5. Ne2 Bg7 6. d3 d6 7. h3 Nb4 8. Bb3
Be6 9. Na3 Bxb3 10. axb3 a6 11. O-O O-O 12. Bg5 h6 13. Bd2 c5 14. c3 Nc6 15. c4
Rb8 16. Nc2 a5 17. Na3 Nb4 18. Bxb4 axb4 19. Nb5 Ne8 20. Ra7 Nc7 21. Nxc7 Qxc7
22. Rfa1 Qc6 23. Qg4 h5 24. Qg5 Kh7 25. Qe7 Kg8 26. Qg5 b5 27. Qe7 bxc4 28.
bxc4 Ra8 29. f4 Rxa7 30. Rxa7 exf4 31. Nxf4 Qe8 32. Nxg6 Qxe7 33. Nxe7+ Kh7 34.
b3 Be5 35. Nc6 Bf6 36. Rd7 Bg5 37. Ra7 Kg6 38. Kf2 Re8 39. Kf3 f5 40. exf5+
Kxf5 41. g4+ hxg4+ 42. hxg4+ Kg6 43. Rd7 Re3+ 44. Kf2 Rxd3 45. Ne5+ dxe5 46.
Rxd3 Be7 47. Kf3 Kg5 48. Ke4 Kf6 49. Rd5 Kg6 50. Rxe5 Bf8 51. Kd5 Kh6 52. Kc6
Kg6 53. Rxc5 Bg7 54. Rb5 Bc3 55. Kd5 Kg5 56. c5 Kxg4 57. c6 Kf3 58. c7 Ke3 59.
c8=Q Kd2 60. Ke4 1-0

[Event "Madrid 2021-2022 ch - Previa B"]
[Site "Madrid ESP"]
[Date "2022.03.25"]
[Round "8.21"]
[White "Arnedo Vigueras, Miguel"]
[Black "Muminov, Suhayl"]
[Result "1/2-1/2"]
[WhiteElo "1513"]
[BlackElo "1658"]
[PlyCount "108"]
[EventDate "2022.03.03"]
[EventType "swiss"]
[EventRounds "9"]
[EventCountry "ESP"]

1. e4 c6 2. Nf3 d5 3. Nc3 Nf6 4. exd5 cxd5 5. d4 Nc6 6. a3 Bg4 7. Be2 Bxf3 8.
Bxf3 e6 9. Be3 a6 10. O-O Bd6 11. Qd2 Qc7 12. g3 b5 13. b4 O-O 14. Bg5 Nd7 15.
Ne2 a5 16. c3 axb4 17. axb4 Nb6 18. Bf4 Nc4 19. Qc2 h6 20. h4 Ra7 21. Ra2 Rfa8
22. Rfa1 Rxa2 23. Rxa2 Rxa2 24. Qxa2 Qa7 25. Qxa7 Nxa7 26. Bc1 Nc8 27. Bg2 N8b6
28. f4 f5 29. Kf2 Bc7 30. Bf1 Na4 31. Kf3 Kf7 32. Bh3 Nd6 33. Bd2 Ne4 34. Be1
g5 35. hxg5 hxg5 36. fxg5 Nxg5+ 37. Kg2 Kg6 38. Bd2 Ne4 39. Be1 Nb2 40. Kf1 Nd3
41. Bg2 Kg5 42. Bxe4 fxe4 43. Bd2+ Kg4 44. Kg2 Bd6 45. Be3 Bc7 46. Bd2 e5 47.
dxe5 Bxe5 48. Be3 Ne1+ 49. Kf1 Nf3 50. Kg2 Ne1+ 51. Kf2 Nc2 52. Bc5 Na3 53. Be3
Nc4 54. Bc1 Nd6 1/2-1/2

[Event "Madrid 2021-2022 ch - Previa B"]
[Site "Madrid ESP"]
[Date "2022.03.26"]
[Round "9.1"]
[White "Santamaria Baeza, Adolfo"]
[Black "Feal Albala, Alonso"]
[Result "0-1"]
[WhiteElo "1875"]
[BlackElo "1809"]
[PlyCount "138"]
[EventDate "2022.03.03"]
[EventType "swiss"]
[EventRounds "9"]
[EventCountry "ESP"]

1. e4 c5 2. Nf3 Nc6 3. d4 cxd4 4. Nxd4 Nf6 5. Nc3 e5 6. Ndb5 d6 7. Bg5 a6 8.
Na3 b5 9. Nd5 Be7 10. Bxf6 Bxf6 11. c3 Bg5 12. Bd3 Ne7 13. Nb4 O-O 14. O-O Bb7
15. Qg4 Ng6 16. Rad1 Nf4 17. h4 Bxh4 18. g3 Nxd3 19. Rxd3 Be7 20. Nd5 Bxd5 21.
Rxd5 Qb6 22. Kg2 Qb7 23. Rfd1 Rac8 24. Nc2 Rfd8 25. Ne3 Qd7 26. Nf5 g6 27. Rxe5
Bf8 28. Red5 Qe6 29. f3 Kh8 30. Ne3 f5 31. Qh3 Re8 32. e5 dxe5 33. Rd7 Bg7 34.
Rh1 h5 35. Rhd1 f4 36. Nd5 Qxh3+ 37. Kxh3 Rcd8 38. Nc7 Rxd7 39. Rxd7 Rf8 40.
Ne6 Rg8 41. gxf4 exf4 42. Nxf4 Be5 43. Nd3 Bb8 44. Kh4 Rg7 45. Rd5 Kh7 46. Nc5
a5 47. Nd7 Bc7 48. Nf6+ Kh6 49. Rxb5 Bd8 50. Kg3 Bxf6 51. Rxa5 Rb7 52. b4 Bxc3
53. a3 Be1+ 54. Kg2 h4 55. Kh3 Rc7 56. Re5 Bg3 57. Re3 Kh5 58. Re2 Rc3 59. a4
Rxf3 60. Kg2 Rf4 61. Rb2 Kg4 62. Rb1 h3+ 63. Kg1 Re4 64. a5 Be1 65. a6 Bxb4 66.
Kh1 Bc5 67. Ra1 Kg3 68. Rc1 Re2 69. Rc3+ Be3 0-1

[Event "Madrid 2021-2022 ch - Previa B"]
[Site "Madrid ESP"]
[Date "2022.03.26"]
[Round "9.2"]
[White "Portero Rubio, Martin"]
[Black "Ruiz Vazquez, Javier"]
[Result "1-0"]
[WhiteElo "1846"]
[BlackElo "1725"]
[PlyCount "117"]
[EventDate "2022.03.03"]
[EventType "swiss"]
[EventRounds "9"]
[EventCountry "ESP"]

1. e4 c5 2. Nc3 d6 3. d4 cxd4 4. Qxd4 Nc6 5. Qd2 g6 6. b3 Bg7 7. Bb2 Nf6 8.
O-O-O O-O 9. Kb1 Qa5 10. f3 Be6 11. g4 Rac8 12. h4 h5 13. Nge2 hxg4 14. f4 Nh5
15. Bg2 Rfd8 16. f5 gxf5 17. Qg5 Nf6 18. Nd5 Kf8 19. Nef4 Ne5 20. Nxe6+ fxe6
21. Nxe7 Nh7 22. Qh5 Nf6 23. Qg5 Rc7 24. Bxe5 Rxc2 25. Kxc2 Qxa2+ 26. Bb2 Nh5
27. Qxg7+ Nxg7 28. Ra1 Qxa1 29. Rxa1 Nh5 30. Ng6+ Kf7 31. exf5 exf5 32. Nh8+
Ke7 33. Rxa7 f4 34. Rxb7+ Ke6 35. Ng6 f3 36. Bf1 g3 37. Bh3+ Kd5 38. Rb5+ Ke4
39. Rxh5 g2 40. Rg5 Rc8+ 41. Kd2 Rc5 42. Bxg2 fxg2 43. Rxg2 d5 44. h5 d4 45.
Rg4+ Kf5 46. Rxd4 Kg5 47. Rh4 Kh6 48. Bd4 Rb5 49. Be3+ Kh7 50. b4 Rb7 51. Re4
Rc7 52. b5 Rb7 53. b6 Rb8 54. Ne7 Rd8+ 55. Bd4 Rd7 56. Nc6 Kg8 57. Re8+ Kf7 58.
Re7+ Rxe7 59. Nxe7 1-0

[Event "Madrid 2021-2022 ch - Previa B"]
[Site "Madrid ESP"]
[Date "2022.03.26"]
[Round "9.3"]
[White "Gutierrez Diaz, Pablo"]
[Black "Lopez Herrero, Israel"]
[Result "0-1"]
[WhiteElo "1916"]
[BlackElo "1683"]
[PlyCount "76"]
[EventDate "2022.03.03"]
[EventType "swiss"]
[EventRounds "9"]
[EventCountry "ESP"]

1. e4 c5 2. Nf3 d6 3. Bb5+ Nd7 4. O-O a6 5. Bd3 Ngf6 6. c3 e6 7. Bc2 Be7 8. Re1
O-O 9. h3 Qc7 10. d3 b5 11. Bf4 e5 12. Bh2 Bb7 13. Nbd2 Rfe8 14. Nf1 Nh5 15.
Qd2 Bf8 16. d4 Rac8 17. Rac1 Qa5 18. dxe5 Nxe5 19. Nxe5 dxe5 20. Qg5 Nf4 21.
Bxf4 exf4 22. Bb1 Qc7 23. e5 f3 24. g3 g6 25. Nh2 Bg7 26. Ng4 Qe7 27. Qf4 Qe6
28. Re3 h5 29. Nf6+ Bxf6 30. exf6 Qxh3 31. Rxf3 Bxf3 32. Qxf3 Qg4 33. Qd5 Rcd8
34. Qc6 h4 35. Bd3 hxg3 36. Bf1 gxf2+ 37. Kh2 Qg1+ 38. Kh3 Re3+ 0-1

[Event "Madrid 2021-2022 ch - Previa B"]
[Site "Madrid ESP"]
[Date "2022.03.26"]
[Round "9.4"]
[White "Rodriguez Avila, Alvaro"]
[Black "Simonyan, Arturo"]
[Result "0-1"]
[WhiteElo "1949"]
[BlackElo "1923"]
[PlyCount "66"]
[EventDate "2022.03.03"]
[EventType "swiss"]
[EventRounds "9"]
[EventCountry "ESP"]

1. e4 c5 2. Nf3 d6 3. d4 cxd4 4. Nxd4 Nf6 5. Nc3 a6 6. Bg5 e6 7. f4 h6 8. Bh4
Qb6 9. Qd2 Qxb2 10. Rb1 Qa3 11. e5 dxe5 12. fxe5 Nfd7 13. Rb3 Qa5 14. Be2 Nxe5
15. O-O Bc5 16. Kh1 O-O 17. Qe3 Ng6 18. Bf6 gxf6 19. Ne4 Nd7 20. Qxh6 Bxd4 21.
Rg3 f5 22. Rxg6+ fxg6 23. Qxg6+ Bg7 24. Qxe6+ Kh8 25. Qe7 Qd8 26. Qa3 Ne5 27.
Qh3+ Kg8 28. Qb3+ Kh7 29. Nc3 Qg5 30. g3 Bd7 31. Rf4 Bc6+ 32. Kg1 Ng6 33. h4
Qxg3+ 0-1

[Event "Madrid 2021-2022 ch - Previa B"]
[Site "Madrid ESP"]
[Date "2022.03.26"]
[Round "9.5"]
[White "Baeza Escudero, Javier"]
[Black "Lozano Argueso, Cesar"]
[Result "1-0"]
[WhiteElo "1849"]
[BlackElo "1723"]
[PlyCount "53"]
[EventDate "2022.03.03"]
[EventType "swiss"]
[EventRounds "9"]
[EventCountry "ESP"]

1. e4 c5 2. Nf3 d6 3. d4 cxd4 4. Nxd4 Nf6 5. Nc3 a6 6. Be3 e5 7. Nb3 Be6 8. f3
Be7 9. Qd2 O-O 10. O-O-O a5 11. a4 Na6 12. Bxa6 bxa6 13. Nd5 Nxd5 14. exd5 Bd7
15. Qxa5 Bg5 16. Bd2 Bxd2+ 17. Rxd2 Qxa5 18. Nxa5 Bxa4 19. Nb7 Rfd8 20. Nxd8
Rxd8 21. b3 Bd7 22. c4 a5 23. Ra2 a4 24. Kc2 axb3+ 25. Kxb3 h5 26. Rha1 Rb8+
27. Kc3 1-0

[Event "Madrid 2021-2022 ch - Previa B"]
[Site "Madrid ESP"]
[Date "2022.03.26"]
[Round "9.6"]
[White "Lozano Freras, Sergio"]
[Black "Torres Rebolledo, Alvaro"]
[Result "0-1"]
[WhiteElo "1990"]
[BlackElo "1705"]
[PlyCount "92"]
[EventDate "2022.03.03"]
[EventType "swiss"]
[EventRounds "9"]
[EventCountry "ESP"]

1. e4 e5 2. Nf3 Nc6 3. Bb5 a6 4. Ba4 Nf6 5. O-O Be7 6. d3 b5 7. Bb3 d6 8. a4 b4
9. h3 Na5 10. Ba2 Rb8 11. Nbd2 O-O 12. Nc4 Nxc4 13. Bxc4 a5 14. c3 h6 15. cxb4
axb4 16. Re1 c5 17. Nh2 Nh7 18. Nf1 Kh8 19. Ne3 f5 20. exf5 Bxf5 21. a5 Ra8 22.
a6 Ra7 23. Qa4 Bd7 24. Bb5 Nf6 25. Bxd7 Qxd7 26. Qxd7 Nxd7 27. Nd5 Bf6 28. f4
Rfa8 29. Nxf6 gxf6 30. fxe5 Nxe5 31. Bxh6 Nxd3 32. Re6 Rxa6 33. Rf1 Ra1 34.
Rxd6 Nxb2 35. Rdxf6 c4 36. Rb6 b3 37. Rb7 Rxf1+ 38. Kxf1 Nd3 39. g4 Ra2 40. g5
b2 41. g6 Ra1+ 42. Kg2 b1=Q 43. Rh7+ Kg8 44. Rg7+ Kf8 45. Rb7+ Ke8 46. g7 Qxb7+
0-1

[Event "Madrid 2021-2022 ch - Previa B"]
[Site "Madrid ESP"]
[Date "2022.03.26"]
[Round "9.7"]
[White "Aldea Moreno, Marina"]
[Black "Suarez Hernan, Santiago"]
[Result "0-1"]
[WhiteElo "1611"]
[BlackElo "1720"]
[PlyCount "102"]
[EventDate "2022.03.03"]
[EventType "swiss"]
[EventRounds "9"]
[EventCountry "ESP"]

1. e4 c6 2. Ne2 d5 3. e5 d4 4. Ng3 g6 5. Bc4 Bg7 6. Qe2 e6 7. d3 Qa5+ 8. Nd2
Qxe5 9. Qxe5 Bxe5 10. Nf3 Bg7 11. Ne4 Ke7 12. Bd2 b6 13. Bb4+ c5 14. Ba3 a5 15.
O-O Nd7 16. Rac1 Bb7 17. c3 Bxe4 18. dxe4 Ne5 19. Nxe5 Bxe5 20. f4 Bg7 21. Rfd1
Rd8 22. e5 dxc3 23. Rxd8 Kxd8 24. Rd1+ Kc7 25. Bb5 cxb2 26. Rd7+ Kc8 27. Bxb2
Nh6 28. Bc6 Rd8 29. Rxd8+ Kxd8 30. Kf2 Nf5 31. Kf3 Ne7 32. Bb5 Nd5 33. Ke4 Ke7
34. a3 f6 35. exf6+ Bxf6 36. Bxf6+ Nxf6+ 37. Kd3 Kd6 38. g3 e5 39. fxe5+ Kxe5
40. Bc6 Kd6 41. Bb5 Kd5 42. Bc4+ Ke5 43. Bb5 Ng4 44. h4 Nf2+ 45. Ke3 Ne4 46. g4
Nd6 47. Be2 b5 48. Bd1 Nc4+ 49. Kd3 Nb2+ 50. Kd2 Nxd1 51. Kxd1 Kf4 0-1